| 000 | 00715nam a2200217 a 4500 | ||
|---|---|---|---|
| 001 | 16811 | ||
| 003 | CO-ViMGA | ||
| 008 | 141112s2004 ck r 000 u spa d | ||
| 020 | _a9682463467 | ||
| 040 |
_aCO-ViMGA _bspa _cCO-ViMGA |
||
| 082 | 0 | 4 | _a617.643 K171o |
| 100 | 1 |
_aKatagiri Katagiri, Mario; Garcilazo Gómez, Alfredo; Ballesteros Lozano, Mauricio _923775 |
|
| 245 | 1 | 0 | _aOrtodoncia interceptiva |
| 260 |
_aMexico, _cTrillas, _c2001 |
||
| 300 | _a70.p.il.fotos | ||
| 490 | _aManuales de laboratorio en odontología | ||
| 505 | _aGanchos retenedores Arco vestibular Resortes Placa base Placas activas | ||
| 590 | _aForma de adquisición : Premio - Mincultura | ||
| 650 | 1 | 4 | _aORTODONCIA |
| 942 |
_2ddc _cBK |
||
| 999 |
_c26461 _d26461 |
||